| 000 | 00498nam a22001577a 4500 | ||
|---|---|---|---|
| 003 | OSt | ||
| 005 | 20260508012241.0 | ||
| 008 | 260505b |||||||| |||| 00| 0 eng d | ||
| 040 |
_aDWCL-Main Lib _cOC |
||
| 082 | _aFil. 512 | ||
| 100 | _aEsparrago, Mirla S. | ||
| 245 |
_aNext century mathematics: advanced algebra, trigonometry and statistics _b[teacher's guide] / _cEsparrago, Mirla S. |
||
| 260 |
_aQuezon City : _bPhoenix Pub., _cc2007. |
||
| 300 | _a280 p : | ||
| 942 |
_2ddc _cBK - FIL _mFil. _n0 |
||
| 999 |
_c10236 _d10236 |
||